000 00410nam a2200157Ia 4500
008 220803s9999 xx 000 0 und d
020 _a9781119967026
041 _aeng
082 _a712 BAL
100 _aBalmori D
_925050
245 _aDrawing And Reinventing Landscape
260 _aUnited Kingdom
_bWiley Publication
_c2014
300 _a200p
500 _aLANDS
650 _aLandscape Architecture
_925051
999 _c15921
_d15921